Financial institutions management / (Record no. 831)

000 -LEADER
fixed length control field 01366cam a2200385 a 4500
003 - CONTROL NUMBER IDENTIFIER
control field CaOOAMICUS
005 - DATE AND TIME OF LATEST TRANSACTION
control field 20210621091935.0
008 - FIXED-LENGTH DATA ELEMENTS--GENERAL INFORMATION
fixed length control field 000626s2001 onca b 001 0 eng
020 ## - INTERNATIONAL STANDARD BOOK NUMBER
International Standard Book Number 0070871566 :
040 ## - CATALOGING SOURCE
Transcribing agency CaOTU
043 ## - GEOGRAPHIC AREA CODE
Geographic area code n-cn---
050 ## - LIBRARY OF CONGRESS CALL NUMBER
Classification number HG185
Item number .C2 S29 2001
055 02 - CLASSIFICATION NUMBERS ASSIGNED IN CANADA
Classification number HG185*
055 #3 - CLASSIFICATION NUMBERS ASSIGNED IN CANADA
Classification number HG185 C2
Item number S29 2001
090 ## - LOCALLY ASSIGNED LC-TYPE CALL NUMBER (OCLC); LOCAL CALL NUMBER (RLIN)
Classification number (OCLC) (R) ; Classification number, CALL (RLIN) (NR) 332.1068 S134 2001
100 1# - MAIN ENTRY--PERSONAL NAME
Personal name Saunders, Anthony,
Dates associated with a name 1949-
245 10 - TITLE STATEMENT
Title Financial institutions management /
Statement of responsibility, etc. Anthony Saunders, Hugh Thomas.
250 ## - EDITION STATEMENT
Edition statement Second Canadian edition
260 ## - PUBLICATION, DISTRIBUTION, ETC.
Place of publication, distribution, etc. Toronto :
Name of publisher, distributor, etc. McGraw-Hill Ryerson,
Date of publication, distribution, etc. c2001.
300 ## - PHYSICAL DESCRIPTION
Extent xxi, 746 pages :
Other physical details illustrations ;
Dimensions 26 cm.
336 ## - CONTENT TYPE
Content type term text
Content type code txt
Source rdacontent
337 ## - MEDIA TYPE
Media type term unmediated
Media type code n
Source rdamedia
338 ## - CARRIER TYPE
Carrier type term volume
Carrier type code nc
Source rdacarrier
504 ## - BIBLIOGRAPHY, ETC. NOTE
Bibliography, etc. note Includes bibliographical references and index.
650 #0 - SUBJECT ADDED ENTRY--TOPICAL TERM
Topical term or geographic name entry element Financial institutions
Geographic subdivision Canada
General subdivision Management.
650 #0 - SUBJECT ADDED ENTRY--TOPICAL TERM
Topical term or geographic name entry element Risk management
Geographic subdivision Canada.
700 1# - ADDED ENTRY--PERSONAL NAME
Personal name Thomas, Hugh Alun Lloyd.
770 0# - SUPPLEMENT/SPECIAL ISSUE ENTRY
Main entry heading Thomas, Hugh Alun Lloyd.
Title Instructor's manual to accompany Financial institutions management, second Canadian edition.
Place, publisher, and date of publication Toronto : McGraw-Hill Ryerson Limited, c2001.
Record control number (CaOONL)20010002170
942 ## - ADDED ENTRY ELEMENTS (KOHA)
Source of classification or shelving scheme
Koha item type Book
Suppress in OPAC SO
948 ## - LOCAL PROCESSING INFORMATION (OCLC); SERIES PART DESIGNATOR (RLIN)
Series part designator, SPT (RLIN) 03/03/2003
b (OCLC) 13/02/2004
Holdings
Withdrawn status Lost status Source of classification or shelving scheme Damaged status Not for loan Permanent Location Current Location Shelving location Date acquired Total Checkouts Full call number Barcode Date last seen Price effective from Koha item type Public note
          AU LIBRARY AU LIBRARY Open Shelf 21.06.2021   HG185 .C2 S29 2001 28002693 21.06.2021 21.06.2021 Book SO

Powered by Koha